Célébrités selon l'image - Statistiques

Statistiques générales
  • Ce quiz a été pris 11 164 fois
  • Le résultat moyen est 26 sur 50
Statistiques - réponses
Par images Réponse % Correct
Leonardo di Caprio
97%
Barack Obama
96%
Albert Einstein
92%
Michael Jackson
89%
Usain Bolt
88%
François Hollande
86%
Lionel Messi
86%
Emma Watson
85%
Rihanna
80%
Marilyn Monroe
79%
Jacques Chirac
77%
Brad Pitt
76%
Angelina Jolie
73%
Taylor Swift
73%
Johnny Hallyday
72%
Simone Veil
72%
Beyonce
70%
Lady Gaga
68%
Serena Williams
62%
Lewis Hamilton
59%
Roger Federer
59%
Victor Hugo
58%
Angela Merkel
57%
Jennifer Aniston
56%
Edith Piaf
55%
Lebron James
53%
Laure Manaudou
52%
Marie Curie
50%
Frida Kahlo
49%
Pelé
47%
Karl Lagerfeld
45%
Claude François
41%
Johne Lennon
40%
Bill Gates
39%
Rosa Parks
37%
Whitney Houston
32%
Michael Jordan
31%
Enzo Ferrari
29%
Kamala Harris
26%
William Shakespeare
24%
Dalida
23%
Kurt Cobain
21%
Michael Schumacher
20%
Aretha Franklin
16%
Georges Pompidou
15%
Naomi Osaka
14%
Olympe de Gouges
10%
Simone de Beauvoir
9%
Maria Callas
6%
Mata Hari
4%
Aucun quiz correspondant
Distribution des résultats
% des personnes avec chaque résultat
Percentile par nombre de réponses
Votre historique - résultats
Vous n’avez pas pris ce quiz